000 01196cam a22003614a 4500
001 16109788
003 OSt
005 20140315111743.0
008 100226s2010 nyua j 000 1 eng
010 _a 2010002696
020 _a9780545229258 (hardcover)
040 _aDLC
_cDLC
_dDLC
042 _alcac
050 0 0 _aPZ 7
_b.Op614Hal 2010
100 1 _aOppel, Kenneth,
_d1967-
_924850
245 1 0 _aHalf brother /
_cKenneth Oppel.
250 _a1st ed.
260 _aNew York :
_bScholastic Press,
_c2010.
300 _a375 p. :
_bill. ;
_c22 cm.
521 _aG4
526 _c680
562 _eFor Circulation. Two copy available in the circulation.
650 1 _aChimpanzees
_xHabits and behavior
_vFiction.
_924851
650 1 _aHuman-animal communication
_vFiction.
_924852
650 1 _aExperiments
_vFiction.
_924853
651 1 _aVictoria (B.C.)
_xHistory
_y20th century
_vFiction.
_924854
651 1 _aCanada
_xHistory
_y20th century
_vFiction.
_924855
906 _a7
_bcbc
_corignew
_d1
_eecip
_f20
_gy-gencatlg
942 _2lcc
_cBK
999 _c47444
_d47444